Estudio para la determinación de la cargabilidad de transformadores de distribución para diferentes tipos de cargas en diferentes tipos de clientes de la CNFL, S. A.
保存先:
| 第一著者: | |
|---|---|
| その他の著者: | , , |
| フォーマット: | 図書 |
| 言語: | Spanish |
| 出版事項: |
[San José, Costa Rica]
2012
|
| 主題: | |
| タグ: |
タグ追加
タグなし, このレコードへの初めてのタグを付けませんか!
|
MARC
| LEADER | 00000nam a22000007a 4500 | ||
|---|---|---|---|
| 003 | 011685 | ||
| 005 | 20230830080533.0 | ||
| 008 | 151007b2012 cr a|||| |||| 00| ||spa d | ||
| 040 | |c cru CEDI | ||
| 090 | |a TFG 6855 | ||
| 100 | |9 1291 |a Aragón Ramírez, Tatiana, 1986- | ||
| 245 | |a Estudio para la determinación de la cargabilidad de transformadores de distribución para diferentes tipos de cargas en diferentes tipos de clientes de la CNFL, S. A. | ||
| 260 | |a [San José, Costa Rica] |c 2012 | ||
| 300 | |a xviii, 236 hojas : ilustraciones (algunas a color). | ||
| 500 | |a Seminario de graduación (licenciatura en ingeniería eléctrica)--Universidad de Costa Rica. Facultad de Ingeniería. Escuela de Ingeniería Eléctrica | ||
| 501 | |a Director de Seminario de Graduación: Ing. Luis Fernando Andrés Jácome | ||
| 610 | 0 | |9 772 |a COMPAÑIA NACIONAL DE FUERZA Y LUZ (COSTA RICA) | |
| 650 | |x TRANSFORMADORES ELECTRICOS |x TRANSFORMADORES ELECTRICOS - PRUEBAS |x DENSIDAD ELECTRICA |x EDIFICIOS DE APARTAMENTOS |x CENTROS COMERCIALES - COSTA RICA |x EDIFICIOS COMERCIALES - COSTA RICA |x EDIFICIOS - EQUIPO ELECTRICO |9 1344 | ||
| 700 | |9 1345 |a Picado Vargas, Natalia | ||
| 700 | |9 1346 |a Rodríguez Campos, Jonathan | ||
| 700 | |9 843 |a Andrés Jácome, Luis Fernando, 1964- |d Director del TFG | ||
| 942 | |c CEDI | ||
| 999 | |c 14089 |d 14089 | ||
